Seleções Olímpicas 2016 e 2021 - Statistics

Estatísticas Gerais
  • Esse quiz foi jogado 63 vezes
  • A pontuação média é 19 de 40
Estatísticas das Respostas
Time (na Época) Posição Jogador % Correto
Barcelona ATA Neymar
98%
Athletico-PR GOL Weverton
92%
Paris Saint-Germain ZAG Marquinhos
81%
Palmeiras ATA Gabriel Jesus
77%
Grêmio ATA Luan
75%
Santos ATA Gabigol
72%
Athletico-PR GOL Santos
72%
Everton ATA Richarlison
70%
Arsenal ATA Gabriel Martinelli
66%
Bayer Leverkusen ATA Paulinho
66%
RB Bragantino MC Claudinho
64%
Ajax ATA Antony
62%
Atlético Mineiro LE Guilherme Arana
62%
Lazio ATA Felipe Anderson
60%
Aston Villa MC Douglas Luiz
58%
Beijing Guoan MC Renato Augusto
58%
Fluminense ZAG Nino
55%
Borussia Dortmund MC Reinier
51%
Zenit ATA Malcom
47%
Lyon MC Bruno Guimarães
45%
Hertha Berlim ATA Matheus Cunha
45%
São Paulo ZAG Rodrigo Caio
45%
Santos LD Zeca
43%
Barcelona MC Rafinha
42%
São Paulo LD Dani Alves
40%
Grêmio MC Walace
40%
Sevilla ZAG Diego Carlos
32%
Internacional MC Rodrigo Dourado
32%
Atlético Mineiro LE Douglas Santos
28%
Palmeiras LD Gabriel Menino
28%
Athletico-PR LE Abner
25%
Grêmio GOL Brenno
25%
Grêmio MC Matheus Henrique
23%
Internacional LD William
19%
Vasco ZAG Luan Garcia
17%
Santos MC Thiago Maia
17%
CSKA Moscou ZAG Bruno Fuchs
15%
Atlético Mineiro GOL Uilson
13%
Vasco da Gama ZAG Ricardo Graça
9%
São Paulo GOL Lucão
6%
Nenhum quiz correspondente encontrado
Distribuição das Pontuações
Porcentagem de Pessoas com Cada Pontuação
Percentil de Números Respondidos
Sua Pontuação Histórica
Você não jogou esse quiz